LEADER 01262cam0-22004091i-450 001 990006787510403321 005 20220203162333.0 010 $a88-204-7869-2 035 $a000678751 035 $aFED01000678751 035 $a(Aleph)000678751FED01 035 $a000678751 100 $a20010426d1993----km-y0itay50------ba 101 0 $aita 102 $aIT 105 $ay-------001yy 200 1 $a<>telelavoro$eteorie e applicazioni$ela destrutturazione del tempo e dello spazio nel lavoro post-industriale$fa cura di Giovanna Scarpitti e Delia Zingarelli$gintroduzione di Domenico De Masi$gprefazione di Sergio Zoppi 210 $aMilano$cFrancoAngeli$dc1993 215 $a414 p.$d22 cm 225 1 $a<>società$v126 451 0$1001990000427710403321 610 0 $aTelelavoro 676 $a331.25$v19$zita 702 1$aScarpitti,$bGiovanna 702 1$aZingarelli,$bDelia 702 1$aDe Masi,$bDomenico$f<1938- > 702 1$aZoppi,$bSergio 801 0$aIT$bUNINA$gRICA$2UNIMARC 901 $aBK 912 $a990006787510403321 952 $aA-IV-53$bdip.1344$fDDRC 952 $aCOLLEZ. 147 (126)$b21954$fFSPBC 959 $aDDRC 959 $aFSPBC 996 $aTelelavoro$9227083 997 $aUNINA DB $aGEN01 LEADER 01147nam a2200301 i 4500 001 991004098419707536 005 20020509153939.0 008 990113s1973 it ||| | ita 035 $ab11263568-39ule_inst 035 $aPARLA195218$9ExL 040 $aDip.to Scienze dell'Antichità$bita 041 0 $aitalat 082 0 $a870.01 100 1 $aLucretius Carus, Titus$071848 245 13$aIl poema della ragione :$bantologia lucreziana :$b[antologia di Lucrezio per la 3. liceo classico e la 5. liceo scientifico /$cLao Paoletti 250 $a2. ed 260 $aBologna :$bPàtron,$cc1973 300 $aVI, 206 p, ;$c22 cm. 490 0 $aHumanitatis studia ;$v1 500 $aTesto latino. 650 4$aLetteratura latina 700 1 $aPaoletti, Lao$eauthor$4http://id.loc.gov/vocabulary/relators/aut$0200451 907 $a.b11263568$b23-02-17$c01-07-02 912 $a991004098419707536 945 $aLE007 870.1 Lucretius 1973-01$g1$i2015000028440$lle007$o-$pE0.00$q-$rl$s- $t0$u1$v0$w1$x0$y.i11425672$z01-07-02 996 $aPoema della ragione$91457324 997 $aUNISALENTO 998 $ale007$b01-01-99$cm$da $e-$fita$git $h3$i1 LEADER 02138 am 22004453- 450 001 9910377418403321 005 20231214145446.0 010 $a3-947732-78-3 024 7 $a10.17885/heiup.580 035 $a(CKB)4100000010352432 035 $a(OAPEN)1007764 035 $a(oapen)https://directory.doabooks.org/handle/20.500.12854/38641 035 $a(EXLCZ)994100000010352432 100 $a20200225d2020 uy 0 101 0 $ager 135 $auuuuu---auuuu 181 $ctxt$2rdacontent 182 $cc$2rdamedia 183 $acr$2rdacarrier 200 14$aDer Architekt in der Frühen Neuzeit $eAusbildung - Karrierewege - Berufsfelder /$fAnna-Victoria Bognár 210 $aHeidelberg$cHeidelberg University Publishing (heiUP)$d2020 215 $a1 online resource (568) 225 1 $aHöfische Kultur Interdisziplinär (HKI) - Schriften und Materialien des Rudolstädter Arbeitskreiss zur Residenzkultur 311 $a3-947732-79-1 330 $aThe profession of architect underwent the decisive stages of its professionalisation during the early modern period of the Holy Roman Empire (approx. 1500-1800). As a rule, multiple training courses in the artistic, military and scientific fields prepared the architects for a broad range of professional tasks. As ?Baumeister? (head architects) with building authorities, they introduced an efficient division of labour in design, planning, execution and administration, and were sometimes able to pursue remarkable careers. This volume examines the cultural, social and administrative factors that contributed to the artistic work of architects. 606 $aHistory of Architecture 610 $aHistory of Architecture 610 $aProfessional History 610 $aEarly Modern Period 610 $aArchitekturgeschichte 610 $aBerufsgeschichte 610 $aFrühe Neuzeit 615 0$aHistory of Architecture 676 $a724.1 686 $aNM 5100$2zU_BK 700 $aBognár$b Anna-Victoria$0953401 906 $aBOOK 912 $a9910377418403321 996 $aDer Architekt in der Frühen Neuzeit$92155408 997 $aUNINA